[Event "Mlada Boleslav Region-ch"]
[Site "Mlada Boleslav"]
[Date "2015.06.20"]
[Round "1"]
[White "Rastocny, Josef"]
[Black "Wagner, Adam"]
[Result "1-0"]
[WhiteElo "1860"]
[BlackElo "1480"]
[PlyCount "57"]
[EventDate "2015.06.20"]
[EventType "swiss"]
[EventRounds "7"]
[EventCountry "CZE"]
[SourceTitle "EXT 2017"]
[Source "ChessBase"]
[SourceDate "2016.10.25"]
[SourceVersion "1"]
[SourceVersionDate "2016.10.25"]
[SourceQuality "1"]

1. d4 d5 2. c4 e6 3. Nc3 Bb4 4. Nf3 Nf6 5. Bg5 0-0 6. e3 b6 7. cxd5 exd5 8. Qb3 Bxc3+ 9. Qxc3 c6 10. Bd3 Bb7 11. Rc1 Qd6 12. Bf4 Qe6 13. Qc2 g6 14. Ne5 Rc8 15. Qa4 a6 16. 0-0 Nfd7 17. b4 a5 18. Nxd7 Nxd7 19. b5 c5 20. dxc5 Nxc5 21. Qd4 Nxd3 22. Qxd3 Rc4 23. Rxc4 dxc4 24. Qd4 Rc8 25. Rc1 c3 26. Bh6 f6 27. Rxc3 Rxc3 28. Qd8+ Kf7 29. Qf8# 1-0

[Event "Mlada Boleslav Region-ch U20"]
[Site "Mlada Boleslav"]
[Date "2012.06.23"]
[Round "2"]
[White "Civin, Dominik"]
[Black "Wagner, Adam"]
[Result "1-0"]
[WhiteElo "1328"]
[BlackElo "1250"]
[PlyCount "47"]
[EventDate "2012.06.23"]
[EventType "swiss"]
[EventRounds "7"]
[EventCountry "CZE"]
[SourceTitle "EXT 2014"]
[Source "ChessBase"]
[SourceDate "2013.11.20"]
[SourceVersion "1"]
[SourceVersionDate "2013.11.20"]
[SourceQuality "1"]

1. e4 e5 2. Nf3 Nc6 3. Bc4 Bc5 4. Nc3 Nf6 5. d3 h6 6. Be3 Bxe3 7. fxe3 0-0 8. Qe2 d6 9. h3 a6 10. d4 b5 11. Bd3 Re8 12. dxe5 dxe5 13. 0-0-0 Qe7 14. g4 Bb7 15. g5 hxg5 16. Nxg5 Nd7 17. Qh5 Nf6 18. Qh4 Qc5 19. Rde1 Nb4 20. Rhf1 Nxd3+ 21. cxd3 Red8 22. Rxf6 gxf6 23. Qh7+ Kf8 24. Qxf7# 1-0

[Event "Mlada Boleslav Region-ch U20"]
[Site "Mlada Boleslav"]
[Date "2012.06.23"]
[Round "4"]
[White "Wagner, Adam"]
[Black "Vystavelova, Amalie"]
[Result "1-0"]
[WhiteElo "1250"]
[BlackElo "1000"]
[PlyCount "53"]
[EventDate "2012.06.23"]
[EventType "swiss"]
[EventRounds "7"]
[EventCountry "CZE"]
[SourceTitle "EXT 2014"]
[Source "ChessBase"]
[SourceDate "2013.11.20"]
[SourceVersion "1"]
[SourceVersionDate "2013.11.20"]
[SourceQuality "1"]

1. e4 e5 2. Nf3 Nc6 3. Bc4 Bc5 4. 0-0 Nf6 5. d3 d6 6. h3 0-0 7. Bg5 h6 8. Bh4 g5 9. Bg3 Nd4 10. Nc3 Nxf3+ 11. Qxf3 h5 12. Rfe1 Bg4 13. hxg4 hxg4 14. Qf5 Qe7 15. Qxg5+ Kh7 16. Nd5 Qe6 17. Nxf6+ Qxf6 18. Qxf6 Rae8 19. Qf5+ Kg7 20. Qxg4+ Kh6 21. Rad1 Rg8 22. Qh4+ Kg6 23. c3 Rh8 24. Qg4+ Kh6 25. Bxf7 Ref8 26. Qh5+ Kg7 27. Qg6# 1-0

[Event "Tabor op"]
[Site "Tabor"]
[Date "2009.08.02"]
[Round "1"]
[White "Hosek, Milan"]
[Black "Wagner, Adam"]
[Result "1-0"]
[WhiteElo "2258"]
[BlackElo "1733"]
[PlyCount "87"]
[EventDate "2009.08.02"]
[EventType "swiss"]
[EventRounds "9"]
[EventCountry "CZE"]
[SourceTitle "CBM 131 Extra"]
[Source "ChessBase"]
[SourceDate "2009.09.03"]
[SourceVersion "2"]
[SourceVersionDate "2009.09.16"]
[SourceQuality "1"]

1. Nf3 Nf6 2. g3 g6 3. Bg2 Bg7 4. 0-0 d6 5. d4 0-0 6. c4 Bf5 7. Nc3 Qc8 8. Re1 Ne4 9. Nd5 Nc6 10. Nh4 e6 11. Nxf5 exf5 12. e3 Re8 13. Qc2 Nd8 14. Bd2 c6 15. Nc3 Nxc3 16. Bxc3 Ne6 17. b4 Qd7 18. d5 Nc7 19. Bxg7 Kxg7 20. Qa4 Qe7 21. dxc6 b6 22. Rad1 Red8 23. Qb3 Rab8 24. a4 a5 25. b5 Ne6 26. Bd5 Nc5 27. Qc3+ Kg8 28. Qd4 Rbc8 29. e4 fxe4 30. Bxe4 Re8 31. Bd5 Qxe1+ 32. Rxe1 Rxe1+ 33. Kg2 Re7 34. Qf6 Rec7 35. h4 Nxa4 36. h5 gxh5 37. Be4 Nc5 38. Bf5 Re8 39. Qxd6 Ree7 40. Bd7 Rcxd7 41. cxd7 Rxd7 42. Qxb6 Ne4 43. Qb8+ Kg7 44. Qe5+ 1-0